| 000 | 00665nam a22002057a 4500 | ||
|---|---|---|---|
| 003 | OSt | ||
| 005 | 20160923114159.0 | ||
| 008 | 160311b xxu||||| |||| 00| 0 eng d | ||
| 020 | _a978-9-71990808-1 (pbk.) | ||
| 040 | _cLIC | ||
| 082 |
_22013 _aDFil 371.12076 _bL61 |
||
| 245 |
_aLicensure examination for teachers : _bNCBTS oriented. Test questions 2013 edition module 2 (skill kit) |
||
| 250 | _a2013 Edition | ||
| 260 |
_aSampaloc, Manila : _bMET Review, LET Specialist, _cc2013. |
||
| 300 |
_a132 pages ; _c26 cm. |
||
| 365 |
_b925.00 _cPhp |
||
| 500 | _aIncludes appendix. | ||
| 650 | 0 |
_93624 _aTeachers _xExaminations, questions, etc. |
|
| 942 |
_2ddc _cDFIL |
||
| 999 |
_c1256 _d1256 |
||